| Tag |
First Indicator |
Second Indicator |
Subfields |
| LEADER |
00000pam a2200000 a 4500 |
| 001 |
in00000071862 |
| 005 |
20151008062429.0 |
| 008 |
810219s1981 mau b 00110 eng |
| 010 |
|
|
|a 81001475
|
| 020 |
|
|
|a 0816190437
|
| 035 |
|
|
|a (OCoLC)07576178
|
| 035 |
|
|
|9 AAK0212AM
|
| 039 |
0 |
|
|a 2
|b 3
|c 3
|d 3
|e 3
|
| 040 |
|
|
|a DLC
|c DLC
|d TXA
|d UtOrBLW
|
| 049 |
|
|
|a TXAM
|c [1442045]
|
| 050 |
0 |
0 |
|a D116.7.I3
|b B3
|
| 100 |
1 |
|
|a Baali, Fuad.
|
| 245 |
1 |
0 |
|a Ibn Khaldun and Islamic thought-styles, a social perspective /
|c Fuad Baali and Ali Wardi.
|
| 264 |
|
1 |
|a Boston, Mass. :
|b G.K. Hall,
|c [1981]
|
| 264 |
|
4 |
|c ©1981
|
| 300 |
|
|
|a xii, 155 pages ;
|c 25 cm.
|
| 336 |
|
|
|a text
|b txt
|2 rdacontent
|
| 337 |
|
|
|a unmediated
|b n
|2 rdamedia
|
| 338 |
|
|
|a volume
|b nc
|2 rdacarrier
|
| 500 |
|
|
|a Includes index.
|
| 504 |
|
|
|a Bibliography: pages [141]-148.
|
| 600 |
0 |
0 |
|a Ibn Khaldūn,
|d 1332-1406.
|
| 650 |
|
0 |
|a Knowledge, Sociology of.
|
| 700 |
1 |
|
|a Wardī, ʻAlī.
|
| 999 |
|
|
|a MARS
|
| 999 |
f |
f |
|s ac772d18-1e4f-3ad5-9b9d-62d171ef595f
|i c22a41b4-f24c-3245-ac16-6d5cae5789c8
|t 0
|
| 952 |
f |
f |
|p ric
|a Texas A&M University
|b Rellis Campus
|c Joint Library Facility
|s JLF
|d Remote Storage
|t 0
|e D116.7.I3 B3
|h Library of Congress classification
|i unmediated -- volume
|m A14832616020
|
| 998 |
f |
f |
|a D116.7.I3 B3
|t 0
|l Remote Storage
|